000 00811nam a2200301 a 4500
003 AR-BaBNM
005 20251128203115.0
008 082120s2002 ||||||||||||||000 | spa||
040 _cAR-BaBNM
100 1 _aAstesano, Eduardo B.
245 0 0 _aHistoria ecológica y social de la humanidad
_bel mundo antiguo. 1
260 _aBuenos Aires
_bCastañeda
_c1979
300 _a290 p.
490 0 _aCastañeda universidad
650 4 _aCULTURA
650 4 _aIDEOLOGIAS
650 4 _aHISTORIA DE LAS IDEAS
650 4 _aECOLOGIA
650 4 _aHISTORIA DE LAS CIENCIAS
650 4 _aHISTORIA SOCIAL
650 4 _aHISTORIA DE LAS COSTUMBRES
650 4 _aDOCTRINAS POLITICAS
650 4 _aFILOSOFIA
650 4 _aHISTORIA MEDIEVAL
650 4 _aHISTORIA ANTIGUA
942 _cBK
998 _cmariana
999 _c1930
_d1930